[Event "COL-ch sf (Women)"]
[Site "Pereira"]
[Date "2024.03.31"]
[Round "8"]
[White "Toro Castaneda, Elizabeth"]
[Black "Caro Estrada, Esveny"]
[Result "1/2-1/2"]
[WhiteElo "1990"]
[BlackElo "1779"]
[PlyCount "167"]
[EventDate "2024.03.27"]
[EventType "swiss"]
[EventRounds "9"]
[EventCountry "COL"]
[SourceTitle "CB14_2024"]
[SourceDate "2024.04.01"]
[SourceVersion "1"]
[SourceVersionDate "2024.04.01"]
[SourceQuality "1"]

1. e4 e6 2. d3 d5 3. Nd2 c5 4. Ngf3 Nc6 5. g3 Nf6 6. Bg2 Be7 7. 0-0 b6 8. Re1 Bb7 9. e5 Nd7 10. Nf1 Qc7 11. Bf4 b5 12. Ne3 d4 13. Nf1 Nb6 14. Ng5 Bxg5 15. Bxg5 Ne7 16. Bxe7 Qxe7 17. Qg4 0-0 18. Bxb7 Qxb7 19. Nd2 Qe7 20. Re4 Rfd8 21. Qh3 Nd7 22. Rae1 h6 23. Rh4 Kh7 24. Ne4 Nxe5 25. Kg2 Ng6 26. Rh5 Rd5 27. f4 Rxh5 28. Qxh5 Rc8 29. Kf1 Kg8 30. Re2 Qb7 31. Nxc5 Qh1+ 32. Kf2 Rxc5 33. Qxc5 Qxh2+ 34. Kf3 Qh1+ 35. Rg2 Qf1+ 36. Rf2 Qh1+ 37. Ke2 Qh3 38. Qxd4 Qxg3 39. Qe3 Qg1 40. f5 Qg4+ 41. Qf3 exf5 42. Qxg4 fxg4 43. Ke3 Kf8 44. d4 Ke7 45. Ke4 h5 46. Kf5 Nf8 47. Kg5 g6 48. d5 f6+ 49. Kh4 Nd7 50. b3 Kd6 51. c4 bxc4 52. bxc4 Kc5 53. Re2 Ne5 54. Rc2 Nf3+ 55. Kg3 g5 56. Rb2 Ne5 57. Rb8 h4+ 58. Kg2 Nxc4 59. a4 Ne3+ 60. Kh2 Nxd5 61. a5 Nf4 62. Rf8 g3+ 63. Kg1 Nd5 64. Rc8+ Kd4 65. a6 h3 66. Ra8 Nc7 67. Rxa7 Nxa6 68. Rxa6 Ke5 69. Ra3 Kf4 70. Ra4+ Kf3 71. Ra3+ Kg4 72. Ra4+ Kh5 73. Ra5 Kg4 74. Ra4+ Kf5 75. Ra3 g4 76. Rxg3 Kg5 77. Ra3 f5 78. Ra5 g3 79. Rb5 Kg4 80. Ra5 f4 81. Ra4 Kf3 82. Ra3+ Ke4 83. Ra4+ Ke5 84. Ra5+ 1/2-1/2

[Event "COL-ch sf (Women)"]
[Site "Pereira"]
[Date "2024.03.28"]
[Round "2"]
[White "Ladron De Guevara Mendez, Lorena"]
[Black "Caro Estrada, Esveny"]
[Result "0-1"]
[WhiteElo "1625"]
[BlackElo "1779"]
[PlyCount "74"]
[EventDate "2024.03.27"]
[EventType "swiss"]
[EventRounds "9"]
[EventCountry "COL"]
[SourceTitle "CB14_2024"]
[SourceDate "2024.04.01"]
[SourceVersion "1"]
[SourceVersionDate "2024.04.01"]
[SourceQuality "1"]

1. e4 d5 2. exd5 Qxd5 3. Nc3 Qd6 4. d4 a6 5. g3 Nf6 6. Bf4 Qd8 7. Bg2 e6 8. Nf3 Bb4 9. Qd3 Nd5 10. Bd2 c6 11. 0-0 Nd7 12. Nxd5 Bxd2 13. Qxd2 cxd5 14. c3 0-0 15. Rfe1 Nb6 16. b3 f6 17. Rac1 Bd7 18. c4 Rc8 19. c5 Na8 20. b4 Re8 21. a3 Nc7 22. Qd1 Bc6 23. a4 Qe7 24. Ra1 Qf7 25. Bf1 g5 26. h3 h5 27. g4 Kg7 28. Qb3 Rh8 29. b5 axb5 30. axb5 Bd7 31. Ra7 hxg4 32. hxg4 e5 33. dxe5 Bxg4 34. exf6+ Qxf6 35. Nh2 Rxh2 36. Kxh2 Qxf2+ 37. Kh1 Rh8+ 0-1

[Event "COL-ch sf (Women)"]
[Site "Pereira"]
[Date "2024.03.27"]
[Round "1"]
[White "Caro Estrada, Esveny"]
[Black "Argote Heredia, Valentina"]
[Result "0-1"]
[WhiteElo "1779"]
[BlackElo "2183"]
[PlyCount "78"]
[EventDate "2024.03.27"]
[EventType "swiss"]
[EventRounds "9"]
[EventCountry "COL"]
[SourceTitle "CB14_2024"]
[SourceDate "2024.04.01"]
[SourceVersion "1"]
[SourceVersionDate "2024.04.01"]
[SourceQuality "1"]

1. e4 c5 2. Nc3 Nc6 3. Nf3 d6 4. g3 g6 5. Bg2 Bg7 6. d3 Nf6 7. h3 0-0 8. 0-0 Rb8 9. a4 a6 10. Be3 b5 11. axb5 axb5 12. Qd2 b4 13. Ne2 Re8 14. Bh6 Bh8 15. Ng5 d5 16. c3 dxe4 17. Nxe4 Nxe4 18. Bxe4 Na5 19. Qg5 Bxh3 20. Rfd1 Nb3 21. Ra7 Bf6 22. Qe3 Qb6 23. Ra2 Be6 24. c4 Rbd8 25. Re1 Nd4 26. Qc1 b3 27. Ra4 Nc2 28. Bd2 Bd7 29. Ra5 Nxe1 30. Bxe1 Bc6 31. Qa1 Ra8 32. Bxc6 Qxc6 33. Ra3 Rxa3 34. Qxa3 Ra8 35. Qxb3 Ra1 36. Kf1 Qh1+ 37. Ng1 Rxe1+ 38. Kxe1 Qxg1+ 39. Ke2 Bd4 0-1

[Event "Medellin Flores op 30th"]
[Site "Medellin"]
[Date "2023.08.04"]
[Round "3"]
[White "Colina, Lugger Jesus"]
[Black "Caro Estrada, Esveny"]
[Result "0-1"]
[WhiteElo "1184"]
[BlackElo "1645"]
[PlyCount "56"]
[EventDate "2023.08.03"]
[EventType "swiss"]
[EventRounds "9"]
[EventCountry "COL"]
[SourceTitle "EXT 2024"]
[Source "ChessBase"]
[SourceDate "2023.10.10"]
[SourceVersion "1"]
[SourceVersionDate "2023.10.10"]
[SourceQuality "1"]

1. e4 e5 2. Nf3 Nc6 3. Bb5 d6 4. c3 Bd7 5. Qe2 a6 6. Ba4 Nf6 7. d4 b5 8. Bb3 Be7 9. 0-0 Bg4 10. h3 Bh5 11. Qe3 Bxf3 12. Qxf3 exd4 13. Bg5 Ne5 14. Qg3 Qd7 15. Bxf6 Bxf6 16. cxd4 Nc6 17. e5 dxe5 18. dxe5 Bxe5 19. Qe3 0-0 20. Rd1 Bd6 21. Nc3 Rae8 22. Qf3 Ne5 23. Qd5 Rd8 24. Ne4 Qf5 25. Ng3 Qg6 26. Ne2 c6 27. Nf4 cxd5 28. Nxg6 Nxg6 0-1

[Event "COL-ch U26 (Women)"]
[Site "Cali"]
[Date "2022.09.30"]
[Round "6"]
[White "Pinillo Canon, Silvana"]
[Black "Caro Estrada, Esveny"]
[Result "1-0"]
[WhiteElo "1765"]
[BlackElo "1609"]
[PlyCount "59"]
[EventDate "2022.09.28"]
[EventType "swiss"]
[EventRounds "6"]
[EventCountry "COL"]
[SourceTitle "CBM 210 Extra"]
[Source "ChessBase"]
[SourceDate "2022.11.30"]
[SourceVersion "1"]
[SourceVersionDate "2022.11.30"]
[SourceQuality "1"]

1. e4 e5 2. Nf3 Nc6 3. Bb5 a6 4. Ba4 Nf6 5. d3 b5 6. Bb3 Bc5 7. 0-0 d6 8. c3 Bb6 9. Re1 0-0 10. Nbd2 Na5 11. Bc2 c5 12. Nf1 Nc6 13. Ng3 a5 14. h3 h6 15. Be3 Bb7 16. Rc1 Rc8 17. Qd2 Kh7 18. Nf5 Ng8 19. d4 c4 20. Kh2 Qc7 21. Qe2 Nge7 22. Ng3 Ng6 23. Qd2 Nce7 24. Kh1 Rcd8 25. Nf5 Ng8 26. Qe2 f6 27. Bb1 N6e7 28. N3h4 g6 29. Ng3 Bc6 30. Rcd1 1-0

[Event "Medellin Aristizabal Cup"]
[Site "Medellin"]
[Date "2022.07.10"]
[Round "4"]
[White "Bohorquez Castaneda, Matias"]
[Black "Caro Estrada, Esveny"]
[Result "0-1"]
[WhiteElo "1327"]
[BlackElo "1590"]
[PlyCount "43"]
[EventDate "2022.07.08"]
[EventType "swiss"]
[EventRounds "7"]
[EventCountry "COL"]
[SourceTitle "CBM 209 Extra"]
[Source "ChessBase"]
[SourceDate "2022.09.30"]
[SourceVersion "1"]
[SourceVersionDate "2022.09.30"]
[SourceQuality "1"]

1. e4 d5 2. exd5 Qxd5 3. Nc3 Qd6 4. d4 Nf6 5. Bb5+ c6 6. Bc4 Bf5 7. Nf3 Nbd7 8. 0-0 Nb6 9. Bb3 e6 10. Ne5 Rd8 11. Ne2 Qc7 12. Bf4 Bd6 13. c4 c5 14. Qe1 0-0 15. Rd1 Nh5 16. g3 Nxf4 17. Nxf4 cxd4 18. Ned3 Nxc4 19. Rc1 b5 20. Qe2 e5 21. Ng2 e4 22. Ndf4 0-1

[Event "COL-chT"]
[Site "Medellin"]
[Date "2021.12.11"]
[Round "5.3"]
[White "Olarte Parra, Jhoan Sebastian"]
[Black "Caro Estrada, Esveny"]
[Result "1-0"]
[WhiteElo "1964"]
[BlackElo "1569"]
[PlyCount "51"]
[EventDate "2021.12.09"]
[EventType "team-swiss"]
[EventRounds "6"]
[EventCountry "COL"]
[SourceTitle "CBM 205 Extra"]
[Source "ChessBase"]
[SourceDate "2022.01.31"]
[SourceVersion "1"]
[SourceVersionDate "2022.01.31"]
[SourceQuality "1"]
[WhiteTeam "Cundinamarca"]
[BlackTeam "Antioquia Polijic"]
[WhiteTeamCountry "COL"]
[BlackTeamCountry "COL"]

1. f4 Nf6 2. b3 e6 3. Bb2 b6 4. Nf3 Bb7 5. e3 Be7 6. Be2 c5 7. 0-0 0-0 8. Qe1 d5 9. Qg3 Nbd7 10. d3 Qe8 11. Nbd2 h6 12. Ne5 Qd8 13. Ndf3 Nxe5 14. Nxe5 d4 15. e4 Nd7 16. Nxd7 Qxd7 17. f5 exf5 18. Rxf5 Qe6 19. Raf1 Kh7 20. Bh5 f6 21. Bg6+ Kh8 22. Bc1 Bd6 23. Qh4 Qe7 24. Bxh6 gxh6 25. Rh5 Kg7 26. Rxh6 1-0

[Event "Antioquia op"]
[Site "Antioquia"]
[Date "2020.03.06"]
[Round "6"]
[White "Caro Estrada, Esveny"]
[Black "Campos Gomez, Manuel"]
[Result "0-1"]
[WhiteElo "1578"]
[BlackElo "1948"]
[PlyCount "74"]
[EventDate "2020.03.03"]
[EventType "swiss"]
[EventRounds "9"]
[EventCountry "COL"]
[SourceTitle "CBM 195 Extra"]
[Source "ChessBase"]
[SourceDate "2020.05.31"]
[SourceVersion "1"]
[SourceVersionDate "2020.05.31"]
[SourceQuality "1"]

1. e4 c5 2. Nc3 e6 3. g3 Nc6 4. Bg2 Nf6 5. d3 d5 6. Nh3 dxe4 7. Nxe4 Nxe4 8. Bxe4 Be7 9. Qh5 g6 10. Qd1 Bf6 11. c3 0-0 12. Bh6 Bg7 13. Qd2 e5 14. Bxg7 Kxg7 15. Bg2 Bf5 16. 0-0-0 Qa5 17. b3 Rad8 18. Qc2 Qa6 19. Bf1 b5 20. Ng5 c4 21. Ne4 Qa3+ 22. Kb1 cxb3 23. axb3 b4 24. Nd2 bxc3 25. Qxc3 Nd4 26. Qb2 Qb4 27. Rc1 Rc8 28. Rc4 Rxc4 29. Nxc4 f6 30. Nd2 Rc8 31. Nc4 Qe1+ 32. Ka2 Rc6 33. Bg2 Ra6+ 34. Na3 Qb4 35. Rc1 Nb5 36. Rc4 Rxa3+ 37. Kb1 Bxd3+ 0-1

[Event "COL Intercollegiate-ch blitz U18 Girls"]
[Site "Paipa"]
[Date "2019.12.15"]
[Round "7"]
[White "Caro Estrada, Esveny"]
[Black "Finley Rosero, Karol Valentina"]
[Result "1-0"]
[WhiteElo "1551"]
[BlackElo "1576"]
[PlyCount "47"]
[EventDate "2019.12.15"]
[EventType "swiss (blitz)"]
[EventRounds "12"]
[EventCountry "COL"]
[SourceTitle "CBM 193 Extra"]
[Source "ChessBase"]
[SourceDate "2020.01.31"]
[SourceVersion "1"]
[SourceVersionDate "2020.01.31"]
[SourceQuality "1"]

1. e4 c5 2. Nc3 d6 3. Nf3 Nc6 4. g3 g6 5. d3 Bg7 6. Bd2 Nf6 7. Bg2 0-0 8. Qc1 Bg4 9. 0-0 Qd7 10. Bh6 Bh3 11. Re1 Bxg2 12. Kxg2 Qc7 13. a3 Nd7 14. Bxg7 Kxg7 15. Nd5 Qd8 16. Qf4 Nde5 17. Nxe5 Nxe5 18. Qd2 Rc8 19. f4 Nc6 20. f5 Nd4 21. c3 Nb3 22. Qg5 Nxa1 23. Nxe7 Rc7 24. f6+ 1-0

[Event "COL Intercollegiate-ch blitz U18 Girls"]
[Site "Paipa"]
[Date "2019.12.15"]
[Round "6"]
[White "Caro Estrada, Esveny"]
[Black "Guzman Espinosa, Veronica"]
[Result "1-0"]
[WhiteElo "1551"]
[BlackElo "1539"]
[PlyCount "69"]
[EventDate "2019.12.15"]
[EventType "swiss (blitz)"]
[EventRounds "12"]
[EventCountry "COL"]
[SourceTitle "CBM 193 Extra"]
[Source "ChessBase"]
[SourceDate "2020.01.31"]
[SourceVersion "1"]
[SourceVersionDate "2020.01.31"]
[SourceQuality "1"]

1. e4 e5 2. Nf3 Nc6 3. Bb5 a6 4. Ba4 Bc5 5. c3 Ba7 6. d3 Nf6 7. Nbd2 Ng4 8. 0-0 0-0 9. h3 Nf6 10. Qe2 d6 11. Re1 Re8 12. Nf1 Nh5 13. d4 exd4 14. cxd4 Nxd4 15. Nxd4 Bxd4 16. Bxe8 Qxe8 17. Qxh5 Qe7 18. Qg5 h6 19. Qxe7 Be6 20. Qxc7 Rc8 21. Qxd6 Bc5 22. Qd3 a5 23. Be3 Bb4 24. Rec1 Re8 25. Bc5 Bxc5 26. Rxc5 b6 27. Rc6 Rb8 28. Rac1 a4 29. Rxe6 fxe6 30. Qd6 Kh7 31. Qxb8 e5 32. Qxe5 Kh8 33. Rc8+ Kh7 34. Qf5+ g6 35. Qf7# 1-0

[Event "COL Intercollegiate-ch blitz U18 Girls"]
[Site "Paipa"]
[Date "2019.12.15"]
[Round "11"]
[White "Caro Estrada, Esveny"]
[Black "Jaraba Andrade, Aura"]
[Result "0-1"]
[WhiteElo "1551"]
[BlackElo "1559"]
[PlyCount "94"]
[EventDate "2019.12.15"]
[EventType "swiss (blitz)"]
[EventRounds "12"]
[EventCountry "COL"]
[SourceTitle "CBM 193 Extra"]
[Source "ChessBase"]
[SourceDate "2020.01.31"]
[SourceVersion "1"]
[SourceVersionDate "2020.01.31"]
[SourceQuality "1"]

1. e4 e5 2. Nf3 Nf6 3. Nxe5 d6 4. Nf3 Nxe4 5. Nc3 Nxc3 6. dxc3 Nd7 7. Bd3 Nf6 8. Bf4 Be7 9. Qd2 Be6 10. h4 c5 11. h5 Qb6 12. b3 0-0-0 13. h6 g6 14. 0-0-0 Rhe8 15. Ng5 Qa5 16. Kb1 Nd5 17. c4 Nc3+ 18. Kb2 Bf6 19. a4 Ne4+ 20. Kc1 Nxd2 21. Bxd2 Qc7 22. Nxe6 Rxe6 23. g4 Bd4 24. f4 Rde8 25. f5 gxf5 26. Bxf5 Qe7 27. Rhe1 Kc7 28. Bxe6 fxe6 29. Rf1 Rf8 30. Rfe1 Qf6 31. g5 Qh8 32. Rxe6 Bf2 33. Be3 Bxe3+ 34. Rxe3 Qa1+ 35. Kd2 Qd4+ 36. Ke2 Qg4+ 37. Kd2 Qxg5 38. Rde1 Re8 39. Kd3 Rxe3+ 40. Rxe3 Qxh6 41. Re7+ Kc8 42. Re3 Qg6+ 43. Kd2 h5 44. Rd3 h4 45. a5 a6 46. Rf3 Qg2+ 47. Ke3 h3 0-1

[Event "COL Intercollegiate-ch blitz U18 Girls"]
[Site "Paipa"]
[Date "2019.12.15"]
[Round "2"]
[White "Caro Estrada, Esveny"]
[Black "Sabogal Varela, Erika Tatiana"]
[Result "1-0"]
[WhiteElo "1551"]
[BlackElo "1140"]
[PlyCount "100"]
[EventDate "2019.12.15"]
[EventType "swiss (blitz)"]
[EventRounds "12"]
[EventCountry "COL"]
[SourceTitle "CBM 193 Extra"]
[Source "ChessBase"]
[SourceDate "2020.01.31"]
[SourceVersion "1"]
[SourceVersionDate "2020.01.31"]
[SourceQuality "1"]

1. e4 e5 2. Nf3 Nc6 3. Bb5 Bc5 4. c3 Nge7 5. d3 d6 6. Nbd2 Be6 7. Nf1 a6 8. Ba4 b5 9. Bc2 d5 10. exd5 Nxd5 11. Ng3 Nf6 12. Qe2 Bd6 13. h3 h6 14. a4 0-0 15. axb5 axb5 16. Rxa8 Qxa8 17. 0-0 Re8 18. Nh4 b4 19. Nhf5 bxc3 20. bxc3 Ne7 21. Nxd6 cxd6 22. Bd2 Ng6 23. Ne4 Nxe4 24. dxe4 Rc8 25. Qd3 Bc4 26. Qxd6 Bxf1 27. Kxf1 Qc6 28. Qb4 Qc4+ 29. Qxc4 Rxc4 30. g3 Rc8 31. Ke2 Ra8 32. Bb3 Rb8 33. Bd5 Ne7 34. Bc4 Rc8 35. Bd3 Rc7 36. f4 exf4 37. gxf4 Rd7 38. Ke3 f6 39. Bc4+ Kh8 40. Be6 Ra7 41. Kd3 Nc6 42. Be3 Re7 43. Bd5 Nd8 44. c4 Re8 45. c5 Re7 46. Kc4 Rc7 47. c6 Nxc6 48. Bxc6 Rxc6+ 49. Kd5 Ra6 50. Bd4 Ra3 1-0

[Event "COL Intercollegiate-ch blitz U18 Girls"]
[Site "Paipa"]
[Date "2019.12.15"]
[Round "12"]
[White "Jaraba Andrade, Aura"]
[Black "Caro Estrada, Esveny"]
[Result "0-1"]
[WhiteElo "1559"]
[BlackElo "1551"]
[PlyCount "79"]
[EventDate "2019.12.15"]
[EventType "swiss (blitz)"]
[EventRounds "12"]
[EventCountry "COL"]
[SourceTitle "CBM 193 Extra"]
[Source "ChessBase"]
[SourceDate "2020.01.31"]
[SourceVersion "1"]
[SourceVersionDate "2020.01.31"]
[SourceQuality "1"]

1. d4 Nf6 2. Nf3 d5 3. Bf4 g6 4. e3 Bg7 5. Be2 Nbd7 6. h3 e6 7. 0-0 0-0 8. c4 c5 9. Nc3 dxc4 10. Bxc4 cxd4 11. exd4 Nb6 12. Bb3 Bd7 13. Rc1 Rc8 14. Ne5 Bc6 15. Re1 a6 16. a3 Nfd5 17. Nxd5 Bxd5 18. Bxd5 Nxd5 19. Bg3 Qe7 20. Qd2 Nf6 21. Rc2 Nh5 22. Bh2 Nf6 23. Rec1 Rxc2 24. Qxc2 Bh6 25. Re1 Nd5 26. Bg3 Rd8 27. Rd1 Bf4 28. Bxf4 Nxf4 29. Qe4 Nd5 30. Rd3 Qc7 31. Qf3 Rf8 32. Qe2 Nf4 33. Qd1 Nxd3 34. Nxd3 Qd6 35. Nb4 Rd8 36. Qf3 Rd7 37. Nc2 Rc7 38. Ne3 Qxd4 39. Ng4 Qg7 40. Qd3 0-1

[Event "COL Intercollegiate-ch rapid U18 Girls"]
[Site "Paipa"]
[Date "2019.12.14"]
[Round "3"]
[White "Caro Estrada, Esveny"]
[Black "Bernal Parra, Eliana Valentina"]
[Result "1/2-1/2"]
[WhiteElo "1541"]
[BlackElo "1609"]
[PlyCount "112"]
[EventDate "2019.12.14"]
[EventType "swiss (rapid)"]
[EventRounds "6"]
[EventCountry "COL"]
[SourceTitle "CBM 193 Extra"]
[Source "ChessBase"]
[SourceDate "2020.01.31"]
[SourceVersion "1"]
[SourceVersionDate "2020.01.31"]
[SourceQuality "1"]

1. e4 c5 2. Nf3 Nc6 3. d4 cxd4 4. Nxd4 g6 5. Nc3 Bg7 6. Be3 Nf6 7. f3 0-0 8. Qd2 d6 9. Bc4 Bd7 10. h4 h5 11. 0-0-0 a6 12. Nxc6 Bxc6 13. Bh6 b5 14. Bb3 a5 15. Bxg7 Kxg7 16. Qd4 Kg8 17. e5 dxe5 18. Qxe5 Qb8 19. Qg5 Kg7 20. Bd5 b4 21. Bxc6 bxc3 22. b3 Ra6 23. Qb5 Rb6 24. Qa4 Qc7 25. Bb5 Rfb8 26. Qc4 Qb7 27. a4 Rc8 28. Qd4 Rd6 29. Qe5 Rd5 30. Rxd5 Qxd5 31. Qxd5 Nxd5 32. g4 hxg4 33. fxg4 e5 34. Re1 f6 35. Bc4 Nf4 36. g5 Re8 37. gxf6+ Kxf6 38. Re3 e4 39. Rxc3 e3 40. Kd1 Kf5 41. Be2 Kf6 42. Rc6+ Kf5 43. Rc5+ Re5 44. Rxe5+ Kxe5 45. c3 Ng2 46. h5 gxh5 47. Bxh5 Nf4 48. Bf3 Kd6 49. b4 axb4 50. cxb4 Nd3 51. b5 Kc5 52. Be2 Nb2+ 53. Kc2 Nxa4 54. Kb3 Nb6 55. Ka3 Nc4+ 56. Ka4 Nb6+ 1/2-1/2

[Event "COL Intercollegiate-ch rapid U18 Girls"]
[Site "Paipa"]
[Date "2019.12.14"]
[Round "1"]
[White "Caro Estrada, Esveny"]
[Black "Bustos Castillo, Sofia Lizeth"]
[Result "1-0"]
[WhiteElo "1541"]
[BlackElo "1438"]
[PlyCount "71"]
[EventDate "2019.12.14"]
[EventType "swiss (rapid)"]
[EventRounds "6"]
[EventCountry "COL"]
[SourceTitle "CBM 193 Extra"]
[Source "ChessBase"]
[SourceDate "2020.01.31"]
[SourceVersion "1"]
[SourceVersionDate "2020.01.31"]
[SourceQuality "1"]

1. e4 e5 2. Nf3 Nc6 3. Bb5 d6 4. Qe2 Bd7 5. c3 a6 6. Ba4 Nf6 7. d3 g6 8. Nbd2 Bg7 9. Nf1 0-0 10. Ng3 b5 11. Bc2 Be6 12. h3 Na5 13. Be3 c6 14. Qd2 d5 15. Nxe5 dxe4 16. dxe4 Qc7 17. Nf3 Rad8 18. Qe2 c5 19. Rd1 Bxa2 20. 0-0 Bc4 21. Bd3 Nxe4 22. Nxe4 f5 23. Bxc4+ Nxc4 24. Nxc5 Qc6 25. Nd4 Bxd4 26. Bxd4 Rfe8 27. Qc2 Nd6 28. Rfe1 Nf7 29. Rxe8+ Rxe8 30. Qd2 Rd8 31. Qf4 g5 32. Qxf5 Qd6 33. Re1 b4 34. Ne6 Re8 35. Qf6 Rxe6 36. Qg7# 1-0

[Event "COL Intercollegiate-ch rapid U18 Girls"]
[Site "Paipa"]
[Date "2019.12.14"]
[Round "5"]
[White "Caro Estrada, Esveny"]
[Black "Quinchia Ospitia, Karen Yulieth"]
[Result "1-0"]
[WhiteElo "1541"]
[BlackElo "1488"]
[PlyCount "63"]
[EventDate "2019.12.14"]
[EventType "swiss (rapid)"]
[EventRounds "6"]
[EventCountry "COL"]
[SourceTitle "CBM 193 Extra"]
[Source "ChessBase"]
[SourceDate "2020.01.31"]
[SourceVersion "1"]
[SourceVersionDate "2020.01.31"]
[SourceQuality "1"]

1. e4 e5 2. Nf3 Nc6 3. Bb5 Nge7 4. c3 a6 5. Ba4 b5 6. Bc2 Ng8 7. d4 exd4 8. cxd4 Nf6 9. e5 Ng4 10. 0-0 Be7 11. h3 d6 12. hxg4 Bxg4 13. Be4 d5 14. Bc2 0-0 15. Be3 Rc8 16. Qd3 g6 17. Nh2 Nb4 18. Qd2 Nxc2 19. Qxc2 Bf5 20. Qd2 c5 21. dxc5 Bxc5 22. Bxc5 Rxc5 23. Rc1 Rxc1+ 24. Qxc1 Re8 25. Qf4 Qc7 26. Nc3 Rxe5 27. Qd2 Qc5 28. Nf3 Re6 29. Qh6 d4 30. Ng5 f6 31. Qxh7+ Kf8 32. Qf7# 1-0

[Event "COL Intercollegiate-ch U18 Girls"]
[Site "Paipa"]
[Date "2019.12.08"]
[Round "5"]
[White "Caro Estrada, Esveny"]
[Black "Hernandez Bermudez, Manuela"]
[Result "1-0"]
[WhiteElo "1578"]
[BlackElo "1500"]
[PlyCount "43"]
[EventDate "2019.12.06"]
[EventType "swiss"]
[EventRounds "7"]
[EventCountry "COL"]
[SourceTitle "CBM 193 Extra"]
[Source "ChessBase"]
[SourceDate "2020.01.31"]
[SourceVersion "1"]
[SourceVersionDate "2020.01.31"]
[SourceQuality "1"]

1. e4 c5 2. Nc3 d6 3. g3 Nf6 4. Bg2 g6 5. Nf3 Bg7 6. d4 cxd4 7. Nxd4 0-0 8. h3 Nbd7 9. Be3 Re8 10. Qd2 a6 11. 0-0-0 Rb8 12. Bh6 Bh8 13. f4 b5 14. Nc6 Qc7 15. Nxb8 Qxb8 16. f5 b4 17. Nd5 a5 18. Bf4 Ne5 19. Bxe5 dxe5 20. fxg6 hxg6 21. Kb1 Bd7 22. Nxf6+ 1-0

[Event "COL-ch Superate Intercol U18 Girls"]
[Site "Barranquilla"]
[Date "2018.11.28"]
[Round "11.1"]
[White "Fitzgerald, Daniela"]
[Black "Caro Estrada, Esveny"]
[Result "1-0"]
[WhiteElo "1335"]
[BlackElo "1607"]
[PlyCount "43"]
[EventDate "2018.11.28"]
[EventType "swiss (blitz)"]
[EventRounds "12"]
[EventCountry "COL"]
[SourceTitle "EXT 2024"]
[Source "ChessBase"]
[SourceDate "2023.10.10"]
[SourceVersion "1"]
[SourceVersionDate "2023.10.10"]
[SourceQuality "1"]

1. c4 Nf6 2. g3 c6 3. Bg2 e6 4. e3 d5 5. cxd5 cxd5 6. Ne2 Nc6 7. d4 a6 8. Nbc3 Bb4 9. Bd2 Qa5 10. a3 Bxc3 11. Bxc3 Qb6 12. 0-0 Bd7 13. Nf4 g5 14. Nd3 h5 15. Nc5 g4 16. e4 h4 17. exd5 exd5 18. Re1+ Kd8 19. Qd2 Kc7 20. Qf4+ Kc8 21. Qxf6 Rd8 22. Qxf7 1-0

[Event "COL-ch U18 Girls rap"]
[Site "Barranquilla"]
[Date "2018.11.27"]
[Round "1"]
[White "Caro Estrada, Esveny"]
[Black "Cayetano, Zigrid Shely"]
[Result "1-0"]
[WhiteElo "1534"]
[BlackElo "1402"]
[PlyCount "81"]
[EventDate "2018.11.27"]
[EventType "swiss (rapid)"]
[EventRounds "6"]
[EventCountry "COL"]
[SourceTitle "CBM 187 Extra"]
[Source "ChessBase"]
[SourceDate "2018.11.04"]
[SourceVersion "1"]
[SourceVersionDate "2018.11.04"]
[SourceQuality "1"]

1. e4 e5 2. Nf3 Nc6 3. Bb5 Nf6 4. Qe2 Bc5 5. c3 d5 6. exd5 Nxd5 7. Bxc6+ bxc6 8. Qxe5+ Ne7 9. 0-0 f6 10. Qxc5 Nd5 11. Re1+ Be6 12. Qxc6+ Qd7 13. Rxe6+ Kd8 14. Qxa8+ Qc8 15. Qxd5+ Qd7 16. Qxd7+ Kxd7 17. Re1 g5 18. d4 f5 19. Bxg5 h6 20. Bf6 Rf8 21. Ne5+ Ke6 22. Ng6+ Kf7 23. Nxf8 Kxf8 24. Be7+ Kf7 25. Nd2 Ke8 26. Nc4 Kd7 27. Rad1 Kc6 28. Ne5+ Kd5 29. c4+ Ke6 30. Ng6+ Kf7 31. Nf4 Kg7 32. Re6 Kf7 33. Rde1 Ke8 34. Bh4+ Kd7 35. d5 Kc8 36. c5 Kb7 37. Rc6 Kc8 38. Re7 Kd8 39. Rexc7+ Ke8 40. Rxa7 Kf8 41. Rc8# 1-0